Las variedades de la experiencia religiosa (Record no. 185861)

MARC details
000 -LEADER
campo de control de longitud fija 01001nam a2200265 i 4500
001 - NÚMERO DE CONTROL
campo de control 185861
003 - IDENTIFICADOR DE NÚMERO DE CONTROL
campo de control SpMaBN
005 - FECHA Y HORA DE LA ÚLTIMA TRANSACCIÓN
campo de control 20250926063102.0
008 - DATOS DE LONGITUD FIJA--INFORMACIÓN GENERAL
campo de control de longitud fija 160816s1986 sp |||| | spa d
020 ## - NÚMERO INTERNACIONAL ESTÁNDAR DEL LIBRO
Número Internacional Estándar del Libro 84-297-2456-7
080 ## - NÚMERO DE LA CLASIFICACIÓN DECIMAL UNIVERSAL
Número de la Clasificación Decimal Universal 291.4
100 1# - ENTRADA PRINCIPAL--NOMBRE DE PERSONA
Nombre de persona James, William,
Fechas asociadas al nombre 1842-1910
9 (RLIN) 65978
245 14 - MENCIÓN DEL TÍTULO
Título Las variedades de la experiencia religiosa
Resto del título : estudio de la naturaleza humana /
Mención de responsabilidad, etc. William James ; versión castellana de J.F. Yvars ; prólogo de José Luis L. Aranguren.
250 ## - MENCION DE EDICION
Mención de edición 1ª ed.
260 ## - PUBLICACIÓN, DISTRIBUCIÓN, ETC.
Lugar de publicación, distribución, etc. Barcelona :
Nombre del editor, distribuidor, etc. Península,
Fecha de publicación, distribución, etc. 1986.
300 ## - DESCRIPCIÓN FÍSICA
Extensión 391 p. ;
Dimensiones 21 cm.
490 1# - MENCIÓN DE SERIE
Mención de serie Historia, ciencia, sociedad ;
Designación de volumen o secuencia 199
504 ## - NOTA DE BIBLIOGRAFÍA, ETC.
Nota de bibliografía, etc. Referencias bibliográficas.
650 #7 - PUNTO DE ACCESO ADICIONAL DE MATERIA--TÉRMINO DE MATERIA
Término de materia o nombre geográfico como elemento de entrada Experiencia religiosa.
9 (RLIN) 157328
700 1# - ENTRADA AGREGADA--NOMBRE PERSONAL
Nombre de persona Ivars, José-Francisco.
9 (RLIN) 65661
700 1# - ENTRADA AGREGADA--NOMBRE PERSONAL
Nombre de persona Aranguren, José Luis L.,
Fechas asociadas al nombre 1909-1996
9 (RLIN) 22315
830 00 - PUNTO DE ACCESO ADICIONAL DE SERIE-TÍTULO UNIFORME
Título uniforme Historia, ciencia, sociedad (Península)
Designación de volumen o secuencia 199
9 (RLIN) 177444
852 ## - LOCALIZACIÓN
Ubicación ES-MaACL
Número de control de estantería L-30560
Nota libre . - Donat. Miguel A. Velasco
Holdings
Estatus retirado Estado de pérdida Estado de daño No para préstamo Biblioteca de origen Biblioteca actual Ubicación en estantería Fecha de adquisición Fuente de adquisición Total de préstamos Signatura topográfica completa Código de barras Visto por última vez Precio de reemplazo Tipo de ítem Koha
        Biblioteca del Ateneo de Madrid Biblioteca del Ateneo de Madrid Depósito 2 16/08/2016     L-30560 1195921 23/02/2023 23/02/2023 Libro impreso